Qui est ce joueur de foot ? Coupe du Monde 2022 - Statistiques

Statistiques générales
  • Ce quiz a été pris 433 fois
  • Le résultat moyen est 14 sur 16
Statistiques - réponses
Par images Réponse % Correct
Hakimi
99%
Camavinga
98%
Griezmann
98%
Mandanda
94%
Mané
94%
Joao Félix
93%
Son
93%
Sané
91%
Witsel
89%
Kimmich
87%
Ochoa
87%
De Paul
86%
Pickford
86%
Aké
85%
Amrabat
79%
Soler
74%
Aucun quiz correspondant
Distribution des résultats
% des personnes avec chaque résultat
Percentile par nombre de réponses
Votre historique - résultats
Vous n’avez pas pris ce quiz